Cytaty ze Szkolnej 17 - Statystyki

Ogólne statystyki
  • Ten quiz został rozwiązany 35 razy
  • Średni wynik to 4 z 9
Statystyki odpowiedzi
Cytaty ze Szkolnej Odpowiedź % Poprawnych
Precz z _____!(przecinkowiec Majora) komuną
82%
Żeby żyć trzeba ____, żeby ____ trzeba żyć… jeść
79%
Muszę mieć ______ wiadomość lepszą
54%
Ja ze swoim przyjacielem Wojtkiem Suchodolskim nigdy nie macamy się nic, nic, ani seksu nie _______ nic używamy
50%
Tu siedzi twój człowiek, który tylko myśli o ___________ piździoszkach
43%
A moje ciało proszę spalić na ________, jak kiedyś palili Rzymian chruście
36%
Kobiety się, nie ______ się. czyści
36%
A ty mnie nie biłeś, ty mnie nie prowokowałeś, ty mnie _________ całowałeś
32%
Szmato je*ana ku*wa szmato, nie _________!(Major do Konona, często) przeklinaj
21%
Nie znaleziono quizów pasujących do podanych kryteriów
Rozkład punktacji
Procent ludzi z każdym wynikiem
Percentyl według liczby udzielonych odpowiedzi
Twoja historia wyników
Nie rozwiązałeś tego quizu